Toán 1 T.1

সংরক্ষণ করুন:
গ্রন্থ-পঞ্জীর বিবরন
অন্যান্য লেখক: Nguyễn, Thúy Vân, Nguyễn, Đình Khuê, Trần, Diên Hiển (Chủ biên), Đào, Thái Lai
বিন্যাস: গ্রন্থ
ভাষা:Vietnamese
প্রকাশিত: Hà Nội Giáo dục 2020
মালা:Vì sự bình đẳng và dân chủ trong giáo dục
বিষয়গুলি:
ট্যাগগুলো: ট্যাগ যুক্ত করুন
কোনো ট্যাগ নেই, প্রথমজন হিসাবে ট্যাগ করুন!
Thư viện lưu trữ: Trung tâm Học liệu Lê Vũ Hùng, Trường Đại học Đồng Tháp
LEADER 01051pam a22002778a 4500
001 00045786
008 161206s2016 ||||||viesd
005 20200903080916.0
020 # # |c 22000  |a 9786040195586 
041 0 # |a vie 
082 1 4 |a 372.7  |b T406M 
245 0 0 |a Toán 1  |c Trần Diên Hiển (chủ biên); Nguyễn Đình Khuê, Đào Thái Lai,... [những người khác]  |n T.1 
260 # # |a Hà Nội  |b Giáo dục  |c 2020 
300 # # |b minh họa màu  |a 115 tr.  |c 27 cm 
490 # # |a Vì sự bình đẳng và dân chủ trong giáo dục 
653 # # |a Lớp 1 
653 # # |a Sách giáo khoa 
653 # # |a Toán học 
653 # # |a Tiểu học 
700 1 # |a Nguyễn, Thúy Vân 
700 1 # |a Nguyễn, Đình Khuê 
700 1 # |a Trần, Diên Hiển  |e Chủ biên 
700 1 # |a Đào, Thái Lai 
852 # # |j KGT.0060211  |j KD.0027419  |j KGT.0060212  |j KGT.0060214  |j KGT.0060213 
910 # # |d 3/9/2020 
980 # # |a Trung tâm Học liệu Lê Vũ Hùng, Trường Đại học Đồng Tháp